Nurse in need / (Record no. 130516)

MARC details
000 -LEADER
fixed length control field 00576nam a22002177a 4500
005 - DATE AND TIME OF LATEST TRANSACTION
control field 20170124110113.0
010 ## - LIBRARY OF CONGRESS CONTROL NUMBER
LC control number A-023287
020 ## - INTERNATIONAL STANDARD BOOK NUMBER
Terms of availability 00.00
International Standard Book Number 0709124457
035 ## - SYSTEM CONTROL NUMBER
System control number A-023287
037 ## - SOURCE OF ACQUISITION
Source of stock number/acquisition Cen Lib/Ret
040 ## - CATALOGING SOURCE
Original cataloging agency DPL
Language of cataloging EN
082 ## - DEWEY DECIMAL CLASSIFICATION NUMBER
Classification number N
Item number COU
100 ## - MAIN ENTRY--PERSONAL NAME
Personal name Court, Sharon
9 (RLIN) 29399
245 ## - TITLE STATEMENT
Title Nurse in need /
Statement of responsibility, etc by Sharon Court
260 ## - PUBLICATION, DISTRIBUTION, ETC. (IMPRINT)
Name of publisher, distributor, etc Robert Hale & Company
Date of publication, distribution, etc 1972
Place of publication, distribution, etc London
270 ## - ADDRESS
Address 63 Old Brompton Road
City London
300 ## - PHYSICAL DESCRIPTION
Extent 191p.
Dimensions 18cm(Hb)
650 ## - SUBJECT ADDED ENTRY--TOPICAL TERM
Topical term or geographic name as entry element Large type books
9 (RLIN) 29400
650 ## - SUBJECT ADDED ENTRY--TOPICAL TERM
Topical term or geographic name as entry element Fiction--English
9 (RLIN) 23689
942 ## - ADDED ENTRY ELEMENTS (KOHA)
Source of classification or shelving scheme Dewey Decimal Classification
Koha item type English Books
Classification part N
Call number suffix COU
Holdings
Withdrawn status Lost status Damaged status Not for loan Home library Current library Date acquired Source of acquisition Cost, normal purchase price Total Checkouts Full call number Barcode Date last seen Copy number Cost, replacement price Price effective from Koha item type
        Central Library Central Library 09/07/2015 Cen Lib/Ret 0.00   N COU A-023287 09/07/2015 1 0.00 09/07/2015 English Books

© Delhi Public Library
Hit Counter
free hit counter